000 00914nam a22002177a 4500
999 _c1484
_d1484
003 AR-CdUCM
008 190227b ||||| |||| 00| 0 spa d
040 _aMUNICIPALIDAD PROVINCIAL DEL CUSCO
_cBIBLIOTECA MUNICIPAL DEL CUSCO
082 _a335.409 /
_bG96
_22ed.
100 _aGutiérrez Loayza, Julio G.
_95628
245 _aAsí nació el Cuzco rojo :
_bcontribución a su historia política 1924-1934 /
260 _aLima :
_bHumboldt,
_c1987.
300 _a344 páginas ;
_bfotos ;
_c20 cm.
505 _aContenido: De la Universidad Popular a la Reforma Universitaria -- El grupo KUNTUR -- El Sur-Peruano n el proceso Revolucionario -- Iniciación del Movimiento Sindical -- El Partido ante las masas ...
650 _aComunismo
_9495
650 _aPartidos políticos
_91565
650 _aClases sociales
_92411
650 _aRealidad Nacional
_91454
942 _2ddc
_cLIBROS
945 _araen
_d2019-02-27